Rozpoznaj Uczelnie Wyższe w Krakowie po Logo - Statystyki

Ogólne statystyki
  • Ten quiz został rozwiązany 68 razy
  • Średni wynik to 6 z 10
Statystyki odpowiedzi
Obrazkowy Odpowiedź % Poprawnych
Uniwersytet Jagielloński
94%
Politechnika Krakowska im. Tadeusza Kościuszki
91%
Uniwersytet Komisji Edukacji Narodowej w Krakowie
85%
Akademia Górniczo-Hutnicza im. Stanisława Staszica w Krakowie
83%
Uniwersytet Ekonomiczny w Krakowie
78%
Akademia Sztuk Teatralnych im. Stanisława Wyspiańskiego w Krakowie
61%
Uniwersytet Rolniczy im. Hugona Kołłątaja w Krakowie
50%
Akademia Kultury Fizycznej im. Bronisława Czecha w Krakowie
31%
Akademia Sztuk Pięknych im. Jana Matejki w Krakowie
30%
Akademia Muzyczna im. Krzysztofa Pendereckiego w Krakowie
7%
Nie znaleziono quizów pasujących do podanych kryteriów
Rozkład punktacji
Procent ludzi z każdym wynikiem
Percentyl według liczby udzielonych odpowiedzi
Twoja historia wyników
Nie rozwiązałeś tego quizu